<?xml version="1.0" encoding="UTF-8"?>
<marc:record xmlns:marc="http://www.loc.gov/MARC21/slim">
   <marc:leader>00000nam a2200000 a 4500</marc:leader>
   <marc:datafield ind1="1" ind2=" " tag="100">
      <marc:subfield code="a">Griffin, Mark</marc:subfield>
      <marc:subfield code="4">aut</marc:subfield>
      <marc:subfield code="e">Verfasser/-in</marc:subfield>
   </marc:datafield>
   <marc:datafield ind1=" " ind2=" " tag="653">
      <marc:subfield code="a">Thriller</marc:subfield>
   </marc:datafield>
   <marc:datafield ind1=" " ind2=" " tag="653">
      <marc:subfield code="a">Psychothriller</marc:subfield>
   </marc:datafield>
   <marc:datafield ind1=" " ind2=" " tag="653">
      <marc:subfield code="a">Kriminalpsychologie</marc:subfield>
   </marc:datafield>
   <marc:datafield ind1=" " ind2=" " tag="653">
      <marc:subfield code="a">Serienkiller</marc:subfield>
   </marc:datafield>
   <marc:datafield ind1="0" ind2="0" tag="245">
      <marc:subfield code="a">Dark Call</marc:subfield>
   </marc:datafield>
   <marc:datafield ind1="0" ind2="0" tag="245">
      <marc:subfield code="b">Thriller</marc:subfield>
   </marc:datafield>
   <marc:datafield ind1=" " ind2="1" tag="264">
      <marc:subfield code="b">Harper Collins</marc:subfield>
      <marc:subfield code="c">2018</marc:subfield>
   </marc:datafield>
   <marc:datafield ind1="1" ind2=" " tag="490">
      <marc:subfield code="a">Holly Wakefield</marc:subfield>
   </marc:datafield>
   <marc:datafield ind1="1" ind2=" " tag="520">
      <marc:subfield code="a">Klappentext: »Dark Call. Du wirst mich nicht finden« ist der furiose Start einer hochspannenden Thriller-Serie um die Forensikerin Holly Wakefield, die sich auf Serienmörder spezialisiert hat.   TRAUST DU DICH, IN DIE AUGEN EINES KILLERS ZU SCHAUEN ...?  Holly Wakefield arbeitet als Kriminalpsychologin. Ihr Spezialgebiet: Serienmörder. Es gibt einen guten Grund, weshalb sie die Beste in ihrem Job ist - aber den behält sie für sich. Als Detective Inspector Bishop von der Met Police Holly kontaktiert, um einen Mordfall zu untersuchen, ist Holly entsetzt von den brutal zugerichteten und theatralisch positionierten Leichen. Bishop sieht diese Verstümmelungen nicht zum ersten Mal, und bald ist klar: Da draußen ist ein Serienmörder. Und er wird wieder töten.  Holly ist es gewohnt, sich in die Psyche von Mördern hineinzuversetzen. Aber dieser Killer hat etwas mit ihr gemeinsam, das sie seit Ewigkeiten geheim hält. Zum ersten Mal seit ihrer Kindheit ist Holly gezwungen, sich ihrer dunklen Vergangenheit zu stellen ...</marc:subfield>
   </marc:datafield>
   <marc:datafield ind1=" " ind2=" " tag="020">
      <marc:subfield code="a">9783959672726</marc:subfield>
      <marc:subfield code="9">9783959672726</marc:subfield>
   </marc:datafield>
</marc:record>
